Virus isolations from pet birds submitted for importation into the United States (Registro nro. 10265)

Detalles MARC
000 -CABECERA
Campo de control 006140000a22002050004500
090 ## - CLASIFICACIÓN LOCAL
Colección AR
Consecutivo 01179
041 0# - IDIOMA
Código de idioma para texto/pista de sonido o título separado
100 1# - ASIENTO PRINCIPAL--NOMBRE PERSONAL
Nombre personal Senne, D. A.
245 10 - MENCION DE TITULO
Título Virus isolations from pet birds submitted for importation into the United States
650 14 - ASIENTO SECUNDARIO DE MATERIA - TERMINO TEMATICO
Término temático o nombre geográfico como elemento de entrada Aves
650 14 - ASIENTO SECUNDARIO DE MATERIA - TERMINO TEMATICO
Término temático o nombre geográfico como elemento de entrada Mascotas
650 14 - ASIENTO SECUNDARIO DE MATERIA - TERMINO TEMATICO
Término temático o nombre geográfico como elemento de entrada Enfermedades animales
650 14 - ASIENTO SECUNDARIO DE MATERIA - TERMINO TEMATICO
Término temático o nombre geográfico como elemento de entrada Veterinaria
651 #4 - ASIENTO SECUNDARIO DE MATERIA - NOMBRE GEOGRAFICO
-- Estados Unidos
700 1# - ASIENTO SECUNDARIO - NOMBRE PERSONAL
Nombre personal Pearson, J. E.
700 1# - ASIENTO SECUNDARIO - NOMBRE PERSONAL
Nombre personal Gustafson, G. A.
700 1# - ASIENTO SECUNDARIO - NOMBRE PERSONAL
Nombre personal Miller, L. D.
773 1# - Item fuente:
Título Avian Diseases
Especificación de materiales 411
Descripción física 3
Paginas del Articulo 731-744
Lugar, editorial y fecha de publicación 1983
Información sobre la relación 27
942 ## - ELEMENTOS ADICIONALES (KOHA)
Tipo de ítem Artículo
Existencias
Withdrawn status Lost status Damaged status No para préstamo Colección Ubicación Permanente Ubicación actual Fecha de adquisición Datos de publicación Seriada Total Checkouts Número topográfico Inventario / Código de Barras Date last seen Ejemplar Price effective from Forma de adquisición Tipo de material
      No para Préstamo Hemeroteca Bogotá Bogotá 27/02/2015 Fuera de circulación   AR 01179 011499 25/03/2015 1 25/03/2015   Artículo